000 00441nam a2200181Ia 4500
003 LK-CoDNM
008 010623t1909 xxu||||| |||| 00| 1 sin d
040 _aLK-CoDNM
_dLK-CoDNM
_eLK-CoDNM
041 _asin
080 _a24 M 1
100 _aMukaveti,Alagiyawanna.
245 _aදහම්සොඬ කව
246 _aDahamsoda Kawa
260 _bGrantha Prakasha
_c1909
300 _b66p., 21 cm
650 _aPoetry
942 _cBK
999 _c87151
_d87151